| 000 | 01089cam a22003377a 4500 | ||
|---|---|---|---|
| 003 | CHAP | ||
| 005 | 20220329142408.0 | ||
| 008 | 001116d1999 mx a r 00110 esp d | ||
| 010 | _a82855 | ||
| 011 | _a83827 | ||
| 020 | _a9701504038 | ||
| 035 | _a94344 | ||
| 040 | _cCHAP | ||
| 082 | 0 | 4 |
_a628.3 _bR6 1999 |
| 100 | 0 | 0 |
_aRomero Rojas, Jairo Alberto. _999660 |
| 245 | 1 | 0 |
_aTratamiento de aguas residuales por lagunas de estabilización _c/por Jairo Alberto Romero Rojas |
| 250 | _a3 ed. | ||
| 260 |
_aMéxico, D. F. : _bAlfaomega, _c1999. |
||
| 300 |
_a281 p. : _bilus. + 1 disquete 3 1/2 |
||
| 490 | 0 |
_aAlfaomega _v; 403 |
|
| 590 |
_aBATCH-UPD _b10 _c20130110 _lUCH01 _h0722 |
||
| 590 |
_aBATCH-UPD _b10 _c20130410 _lUCH01 _h0407 |
||
| 590 |
_aCONVERSION _b10 _c20130109 _lUCH01 _h1346 |
||
| 650 | 1 | 4 |
_aAguas residuales. _92583 |
| 650 | 1 | 4 |
_aAguas residuales _xPurificacion. _92588 |
| 830 | 0 | 0 |
_aAlfaomega _v; 403 _93900 |
| 901 | _aBK | ||
| 905 | _aLilia Sánchez G. | ||
| 942 | _cLIBRO | ||
| 949 |
_a628.3 R6 1999 _bBC _cLIBRO _d33724000803995 _eLIBRO _gI.208358 _h99057 _i94344 _si _t$142.80 |
||
| 999 |
_c82855 _d82855 |
||